| 000 | 00361nam a2200157Ia 4500 | ||
|---|---|---|---|
| 003 | 0STCL | ||
| 008 | 150530s9999 xx 000 0 und d | ||
| 040 |
_aSTCL _cSTCL |
||
| 100 | _aChristine Howarth | ||
| 245 | _aWay people work | ||
| 260 |
_bOxford University press _c1984 |
||
| 546 | _aEnglish | ||
| 942 |
_2ddc _cBK |
||
| 999 |
_c8835 _d8835 |
||
| 005 | 20220125165516.0 | ||